Titres de chansons de Jenifer - Clic Quiz - Statistiques

Statistiques générales
  • Ce quiz a été pris 148 fois
  • Le résultat moyen est 17 sur 20
Statistiques - réponses
Hint Réponse % Correct
Au Soleil
98%
Encore et Encore
96%
Tourner ma Page
96%
Donne-moi le Temps
96%
Comme c'est Bon
94%
J'attends L'amour
94%
Ma Révolution
94%
En Attendant
93%
Des mots qui Résonnent
92%
Les choses Simples
89%
Le souvenir de ce Jour
87%
Paradis Secret
86%
C'est de L'or
84%
L'amour et Moi
83%
On oublie le Reste
77%
Notre Idylle
73%
Des mots Electriques
72%
Comme un Hic
72%
Sauve qui Aime
71%
Je Danse
66%
Aucun quiz correspondant
Distribution des résultats
% des personnes avec chaque résultat
Percentile par nombre de réponses
Votre historique - résultats
Vous n’avez pas pris ce quiz